Normal view
MARC view
- Claudius,
Entry Personal Name
001 - CONTROL NUMBER
- control field: 12872
003 - CONTROL NUMBER IDENTIFIER
- control field: NUST
005 - DATE AND TIME OF LATEST TRANSACTION
- control field: 20190102103753.0
008 - FIXED-LENGTH DATA ELEMENTS
- fixed length control field: 190102|| aca||aabn | a|a d
040 ## - CATALOGING SOURCE
- Original cataloging agency: NUST
- Transcribing agency: NUST
100 ## - HEADING--PERSONAL NAME
- Personal name: Claudius,
- Titles and other words associated with a name: Emperor of Rome,
- Dates associated with a name: 10 B.C.-54 A.D.
- General subdivision: Fiction.
670 ## - SOURCE DATA FOUND
- Source citation: Work cat.: (NUST)0: Graves, Robert, 1895-1985. 12871, I, Claudius :, 1960.
